000 00576nam a2200217Ia 4500
003 OSt
005 20220918191946.0
006 a|||||r|||| 00| 0
007 ta
008 220917b |||||||| |||| 00| 0 eng d
024 _a66,178
037 _cTextual
040 _aARTS
_cARTS
_beng
041 _2eng
_aeng
082 _aR3xC57:5:9xC67, J4
100 _aClaghorn George S
_977867
245 0 _aAristotle's criticism of Plato's 'Timaeus'
260 _c1954
942 _hR3xC57:5:9xC67, J4
_cTEXL
_2CC
999 _c192412
_d192412